00714nam a2200241 a 4500001001300000003000900013005001700022008004100039020002300080082001300103100002500116245002100141260004500162300000900207500003500216505002400251650002500275650001400300902000800314942000700322952012600329999001700455nice12345678IN_TiNIC20260116014802.0100203s2010 newa grp 000 0 eng  a9788121210294c75000a291bGHA aGhauri, Abdus Sattar aIsaac or Ishmael aNew Delhi bGyan Publishing House c2010 a338p aincludes index and biblioraphy2 aBibliography, Index aComparative Religion aSacrifice bSRS cBK 001040708StackRoom-aHMIbHMId2010-02-03g750.00l1o291 GHAp023117r2019-08-26s2019-08-06v750.00w2010-02-03yBK c16958d16958